000 01222nam a22003017a 4500
005 20150311113428.0
008 090923s2008 ck ab gr 00010dspa d
020 _a9789587161595
040 _aCO-BoIAVH
_cCO-BoIAVH
041 _aspa
044 _ack
082 0 4 _a338.1762
_bJ41p
245 0 3 _aEl poder de la carne :
_bhistorias de ganaderías en la primera mitad del siglo XX en Colombia /
_cLuis Guillermo Baptiste ... [et al.] ; editor Alberto G. Flórez Malagón
260 3 _aBogotá :
_bPontificia Universidad Javeriana,
_c2008.
300 _a439 p. :
_bil., mapas ;
_c24 cm.
650 _aGanadería
_x Historia
_z Colombia.
_933427
650 6 _aMercadeo de ganado
_x Historia
_z Colombia.
_933428
650 6 _aProductividad ganadera
_x Historia
_z Colombia.
_933429
650 _aIndustria de la carne
_x Historia
_z Colombia.
_933430
650 _aCarne
_x Producción
_x Historia
_z Colombia.
_933431
700 1 _aBolívar, Ingrid Johanna
_92156
700 1 _aFlórez-Malagón, Alberto
_92157
700 1 _aGallini, Stefania
_92158
700 1 _aAusdal, Shawn Van
_92159
700 1 _aFlórez Malagón, Alberto G.,
_eed.
_92160
700 1 _aBaptiste-Ballera, Luis Guillermo
_933432
942 _2ddc
_cLIBRO
999 _c7682
_d7682